[Event "Varennes Open-ch 2017"]
[Site "Varennes"]
[Date "2017.10.08"]
[Round "4"]
[White "Perez Rodriguez, Luis Manuel"]
[Black "Rodrigue-Lemieux, Shawn"]
[Result "1-0"]
[WhiteElo "2368"]
[BlackElo "2151"]
[Annotator "TA"]
[PlyCount "125"]
[EventDate "2017.10.06"]
[EventCountry "CAN"]
[SourceTitle "playchess.com"]
[Source "ChessBase"]
[SourceQuality "1"]

{[%evp 9,125,32,54,29,41,-4,35,0,14,-16,24,31,30,21,29,19,37,28,64,39,76,40,37,0,31,41,72,61,69,74,79,31,28,0,0,0,36,14,31,25,24,25,60,44,58,45,40,27,28,22,22,0,33,16,20,-1,29,0,19,0,28,32,36,12,57,37,61,74,55,44,85,34,34,0,95,37,192,207,369,361,348,340,326,322,272,187,209,131,136,128,146,146,146,146,373,372,411,391,492,491,479,472,469,445,550,546,545,528,708,778,748,738,716,705,620,562,891,885]} 1. e4 c6 2. Nc3 d5 3. Nf3 dxe4 4. Nxe4 Nf6 5. Qe2 Qd5 (5... Bf5 6. Nxf6+ gxf6 7. d3 Nd7 8. g3 Ne5 9. Nxe5 Qa5+ 10. Bd2 Qxe5 11. Qxe5 fxe5 12. Bg2 h5 13. O-O {½-½ (48) Vachier Lagrave,M (2783)-Carlsen,M (2851) Leuven 2017}) 6. Nxf6+ {B11: Caro-Kann: Two Knights Variation} gxf6 7. h3 $146 ({Predecessor:} 7. d4 Bg4 8. Be3 e6 9. h3 Bxf3 10. Qxf3 Qxf3 11. gxf3 Nd7 12. Rg1 Bd6 13. Bd3 {½-½ (57) Zarubitski,V (2325)-Hakobyan,A (2449) Kirishi 2017}) 7... Bh6 8. b3 {White is slightly better.} Bf5 9. c4 Qe4 (9... Qd6 {is more complex.} 10. d4 Bxc1 11. Rxc1 Na6 12. Qd2 Be4) 10. d3 {[%cal Bd2d3,Bd3d4][%mdl 32]} Qxe2+ 11. Bxe2 Bxc1 12. Rxc1 c5 13. d4 Nd7 14. O-O Rg8 15. Kh2 (15. Nh4 $5 {[%cal Rh4f5]} Bxh3 16. Rc3 Bxg2 17. Nxg2 $16) 15... Be4 16. Rfd1 O-O-O 17. d5 Ne5 18. Ne1 Kc7 19. f3 {[%cal Bf2f3,Bf3f4][%mdl 32]} Bf5 20. f4 Ng6 21. Bd3 Bc8 22. Bxg6 Rxg6 23. Rd3 Rdg8 24. Rcd1 Kd6 25. R1d2 a6 26. Re3 b6 27. Rde2 Re8 28. Nf3 h5 29. Nd2 Bf5 30. Nf3 {Black must now prevent Nh4.} Bc8 31. Nh4 Rgg8 32. Rb2 b5 33. Rd2 Bd7 34. Rde2 Bc8 35. Nf3 Bf5 36. Nd2 b4 37. Re1 a5 38. Nf1 $1 {[%cal Rf1g3]} Bc2 39. R1e2 Bb1 40. Rb2 (40. Ng3 $16) 40... Bh7 41. Rbe2 Rh8 (41... Bb1 $11) 42. Rf2 (42. Ng3 $16) 42... h4 $2 {[#]} (42... e6 $14) 43. f5 $1 $18 Ref8 $2 (43... e6 {keeps fighting.}) 44. Nd2 Kd7 45. Re4 Bg8 46. Rfe2 Re8 47. Nf3 Rh5 48. Nxh4 Bh7 49. Rf2 Ra8 50. g3 {[%cal Bg2g3,Bg3g4][%mdl 32]} Kd6 51. Ref4 a4 $2 {[#]} (51... Rh8 $16 52. Rg4 Rf8) 52. Ng2 $1 axb3 53. axb3 Ra3 54. g4 {White is clearly winning.} Rg5 55. R4f3 Rg8 56. Re3 Rga8 57. Rfe2 R8a7 58. Nf4 Ra2 {[#]} 59. Rxe7 $1 {[%mdl 512]} Rxe7 60. Rxa2 Re3 61. Nh5 Rxb3 62. Nxf6 Ke5 63. Rd2 {Precision: White = 44%, Black = 29%.} 1-0

[Event "Varennes Open-ch 2017"]
[Site "Varennes"]
[Date "2017.10.08"]
[Round "4"]
[White "Perez Garcia, Rodney Oscar"]
[Black "Alvarez Pedraza, Aramis"]
[Result "0-1"]
[WhiteElo "2315"]
[BlackElo "2489"]
[Annotator "TA"]
[PlyCount "62"]
[EventDate "2017.10.06"]
[EventCountry "CAN"]
[SourceTitle "playchess.com"]
[Source "ChessBase"]
[SourceQuality "1"]

{[%evp 22,62,-23,-16,0,-20,-25,-22,0,-104,-103,-125,-133,-220,-212,-226,-200,-186,-125,-119,-111,-114,-117,-115,-106,-235,-232,-218,-216,-418,-395,-412,-414,-397,-385,-454,-383,-530,-495,-608,-595,-539,-528]} 1. e4 c6 2. c4 d5 3. exd5 cxd5 4. cxd5 Nf6 5. Bb5+ Nbd7 6. Nc3 a6 7. Qa4 g6 8. Nf3 Bg7 9. O-O O-O 10. Bxd7 Nxd7 11. Qh4 {B10: Caro-Kann: 2 d3 and 2 c4} (11. d3) 11... Nf6 12. d4 {LiveBook: 3 Games} b5 13. Bg5 {The position is equal.} Bb7 14. a3 Bxd5 15. Bxf6 $146 (15. Ne5 $11) ({Predecessor:} 15. Nxd5 Nxd5 16. Rac1 Qd6 17. Rc5 Rfc8 18. Rfc1 Rxc5 19. Rxc5 {½-½ (49) Fuksik,J (2275)-Mlynek,P (2199) Czechia 2000}) 15... Bxf6 $17 16. Ng5 {[%csl Gg5][%cal Rh4h7] [#]} h5 {...e6 is the strong threat.} 17. Rfe1 (17. Qg3 $17 {was necessary.}) 17... e6 $19 18. Re5 Bxe5 19. dxe5 f6 (19... Rc8 $19 {Threatens to win with ...Rc4.} 20. Qf4 Rc4) 20. Nge4 {[%cal Re4f6]} fxe5 21. Qg3 Qe8 22. Nd6 Qe7 ({Much worse is} 22... h4 $6 23. Qg4 $15 (23. Qg5 Qd7 $17)) 23. Qxg6+ (23. Nxd5 $17 exd5 24. Qxg6+ Qg7 25. Qxh5) 23... Qg7 24. Qxg7+ Kxg7 25. f3 $2 {[#]} (25. Re1) 25... Rfd8 26. Nde4 Bxe4 27. Nxe4 Rac8 28. Kf1 a5 29. h4 Rc2 {Black is clearly winning.} 30. Rb1 Rd3 31. b3 Kg6 {Precision: White = 13%, Black = 68%.} 0-1

[Event "Varennes Open-ch 2017"]
[Site "Varennes"]
[Date "2017.10.08"]
[Round "4"]
[White "Vettese, Nicholas"]
[Black "Vera Gonzalez-Quevedo, Reynaldo"]
[Result "1-0"]
[WhiteElo "2155"]
[BlackElo "2446"]
[Annotator "TA"]
[PlyCount "49"]
[EventDate "2017.10.06"]
[EventCountry "CAN"]
[SourceTitle "playchess.com"]
[Source "ChessBase"]
[SourceQuality "1"]

{[%evp 15,48,17,33,10,18,18,54,18,46,29,26,-15,25,25,20,27,164,152,151,99,105,63,49,52,164,135,324,321,327,320,315,293,292,275,29999]} 1. e4 c5 2. Nf3 d6 3. d4 cxd4 4. Nxd4 Nf6 5. Nc3 a6 6. Nb3 e6 {B90: Sicilian Najdorf: Unusual White 6th moves, 6 Be3 Ng4 and 6 Be3 e5} 7. g4 h6 (7... b5 8. Bg2 Bb7 9. g5 Nfd7 10. O-O Be7 11. f4 O-O 12. Qg4 Re8 13. Be3 Nc6 14. Rad1 {1-0 (51) Demchenko,A (2645)-Areshchenko,A (2652) Tbilisi 2017}) 8. h4 Nc6 {LiveBook: 3 Games. The position is equal.} 9. Bg2 Nd7 10. Qe2 $146 ({Predecessor:} 10. g5 b5 11. Be3 Nce5 12. Qe2 b4 13. Na4 a5 14. Nd4 {0-1 (29) Pogorelskikh,S (2233)-Raja,H (2334) Kazan 2017}) 10... Be7 11. Bf4 Qc7 12. O-O-O b5 13. g5 hxg5 14. hxg5 Rxh1 15. Rxh1 g6 (15... b4 $11 16. Nd5 exd5) 16. Rh8+ $18 Bf8 17. e5 ({White should play} 17. Be3) 17... dxe5 $16 18. Bxc6 Qxc6 19. Bxe5 {Hoping for Ne4.} Qg2 {[#]} (19... Bb7 $14) 20. Ne4 $1 $36 {[%mdl 2048] White is in control.} Nxe5 $2 (20... Bb7 $16 {was worth a try.} 21. Nd6+ Ke7 22. Nxb7 Qxb7) 21. Nf6+ Ke7 22. Qxe5 Qf1+ 23. Kd2 {Intending Qc7+ and mate.} Qxf2+ 24. Kc3 {[#] Threatening mate with Qc7+.} Bb7 $2 (24... b4+ $18 25. Kxb4 Qb6+ 26. Ka3 Bb7) 25. Qc7# {Precision: White = 64%, Black = 38%.} 1-0

[Event "Varennes Open-ch 2017"]
[Site "Varennes"]
[Date "2017.10.08"]
[Round "4"]
[White "Chabot, Roland"]
[Black "Morella Cabrera, Julio Antonio"]
[Result "1-0"]
[WhiteElo "2153"]
[BlackElo "2248"]
[Annotator "TA"]
[PlyCount "153"]
[EventDate "2017.10.06"]
[EventCountry "CAN"]
[SourceTitle "playchess.com"]
[Source "ChessBase"]
[SourceQuality "1"]

{[%evp 15,153,31,33,26,35,29,52,51,56,47,65,48,74,50,59,52,93,81,97,85,122,124,139,143,155,141,152,145,156,155,154,141,174,138,140,140,143,133,169,136,208,202,230,39,39,39,39,39,39,39,39,39,39,39,39,39,39,39,39,0,39,39,39,39,39,39,39,0,39,39,39,0,39,39,39,39,39,39,39,39,39,39,39,39,39,39,39,39,39,39,39,39,39,39,39,39,39,0,39,0,39,39,39,39,39,38,39,38,39,39,39,0,39,0,39,39,69,39,69,39,39,39,39,0,69,0,39,0,69,69,96,96,116,15,15,15,97,109,118,8]} 1. d4 d5 2. c4 e6 3. Nf3 c6 4. e3 f5 5. Bd3 Nf6 6. O-O Bd6 7. b3 Qe7 8. Bb2 O-O 9. Nc3 {A84: Dutch Defence: 2 c4 Miscellaneous} (9. Ne5 Bd7 10. Nd2 Be8 11. f3 Bh5 12. Qe1 Nbd7 13. Kh1 Rad8 14. Nxd7 Nxd7 15. e4 dxe4 16. fxe4 f4 {1-0 (43) Bu,X (2710)-Wei,Y (2734) Zaozhuang 2015}) 9... Ne4 10. Ne2 Bd7 11. Ne5 {White is slightly better.} Be8 12. f3 Ng5 13. Qc2 (13. Bc2 {keeps more tension.} Nd7 14. Nd3 b6 15. Qd2 a5 16. a4) 13... Nf7 $146 ({Predecessor:} 13... Nd7 14. Kh1 Nf7 15. f4 Nf6 16. c5 Bc7 17. b4 Ne4 18. a4 a6 19. Nc3 Nxe5 20. fxe5 Bh5 21. Nxe4 {½-½ (21) Farago,I (2486)-Izsak,G (2471) Hungary 2013}) 14. Nxf7 Bxf7 15. e4 g6 16. e5 Bc7 17. c5 Kh8 18. b4 {[%cal Bb3b4,Bb4b5][%mdl 32]} Rg8 19. a4 Be8 20. b5 g5 21. g4 fxg4 22. fxg4 Nd7 23. Ng3 Bg6 24. Rf2 Raf8 25. Raf1 Rxf2 26. Rxf2 Bd8 27. Bc1 Bxd3 (27... Nf8 $16 28. Bxg6 Nxg6) 28. Qxd3 $18 Rf8 {[#]} 29. Rxf8+ $2 ({White should try} 29. bxc6 $1 $18 bxc6 30. Rb2) 29... Nxf8 $14 30. Nh5 Qf7 31. bxc6 bxc6 32. Qf1 Qxf1+ 33. Kxf1 {[%mdl 4096] Endgame KBN-KBN} Kg8 34. Bd2 Kf7 35. Kf2 Ng6 36. Ke2 Nh8 37. Kf2 Kg6 38. Kf3 Nf7 39. Bc3 h6 40. Bd2 Bc7 41. Bc3 Bd8 42. Ke3 Nh8 43. Kf3 Kf7 44. Bd2 Ng6 45. Kf2 Nf8 46. Ke2 Nd7 47. Kd3 Bc7 48. Bc3 Bd8 49. Ke3 Nf8 50. Bd2 Ng6 51. Kf3 Nh4+ 52. Kf2 Kg6 53. Ng3 Kh7 54. Bc3 Ng6 55. Nh5 Nh8 56. Ke3 Kg8 57. Kf3 Kf8 58. Ng3 Ke8 59. Ne2 Kd7 60. Nc1 Bc7 61. Nd3 Nf7 62. Bd2 Bd8 63. Bc3 Kc8 64. Bd2 Be7 65. Kg2 Nd8 66. Nc1 Kb7 67. Nb3 (67. h4 $5) 67... Nf7 68. Na5+ Kc7 69. Nb3 Bd8 (69... Kb7 $11) 70. Na5 ({Better is} 70. h4 $14) 70... Nh8 71. Nb3 Kb7 (71... Nf7 $11) 72. h4 gxh4 73. Bxh6 Nf7 74. Bg7 (74. Bf4 $16) 74... Ng5 $1 $11 75. Bf6 Bxf6 (75... Kc7 $11) 76. exf6 $16 {aiming for Nd2.} Kc7 {[#]} 77. f7 {[%mdl 32768] Precision: White = 50%, Black = 54%. . Loss on Time!?} ({White has to play} 77. Nc1 $1 $16) 1-0

[Event "Varennes Open-ch 2017"]
[Site "Varennes"]
[Date "2017.10.08"]
[Round "4"]
[White "Huang, Qiuyu"]
[Black "Chiku-Ratte, Olivier-Kenta"]
[Result "1-0"]
[WhiteElo "2153"]
[BlackElo "2317"]
[Annotator "TA"]
[PlyCount "93"]
[EventDate "2017.10.06"]
[EventCountry "CAN"]
[SourceTitle "playchess.com"]
[Source "ChessBase"]
[SourceQuality "1"]

{[%evp 13,93,0,12,-52,48,44,65,63,57,51,63,48,59,35,53,45,104,102,96,34,39,51,47,0,0,-35,-34,-35,-19,-31,-24,-60,128,103,200,206,340,333,379,377,366,355,1368,373,364,379,388,354,437,434,432,418,489,472,500,457,433,369,485,485,556,529,618,527,628,618,593,599,609,532,532,532,532,532,630,600,782,779,711,679,1177,1167]} 1. e4 c5 2. Nf3 Nc6 3. d4 cxd4 4. Nxd4 e6 5. Nxc6 bxc6 6. Bd3 Nf6 7. O-O Qc7 {LiveBook: 20 Games} 8. b3 {B40: Sicilian: 2...e6, Unusual lines} ({Better is} 8. c4 $11) (8. c4 e5 9. Nc3 Bc5 10. Rb1 a5 11. Na4 Bd4 12. c5 O-O 13. Bg5 d6 14. Nb6 Rb8 15. Nxc8 Qxc8 16. Bxf6 gxf6 17. cxd6 {1-0 (76) Dehmelt,K (2246)-Ortiz Suarez,I (2625) Philadelphia 2015}) 8... h5 $146 (8... Qe5 $15 9. c3 Nxe4) ({Predecessor:} 8... d5 9. exd5 cxd5 10. Bb2 Be7 11. Nd2 O-O 12. Re1 Rd8 13. Be5 Qa5 14. a3 Ba6 15. b4 Qa4 {½-½ (42) Kristinardottir,E (1819)-Purgar,I (2136) Warsaw 2013}) 9. Nd2 $14 {[%cal Bb1d2,Bd2f3,Bf3d4][%mdl 32]} d5 10. Bb2 {White is slightly better.} Bd6 11. h3 $1 Bf4 12. Re1 Bb7 13. exd5 cxd5 14. Nf3 O-O-O (14... Kf8 $14) 15. Qe2 $16 Ne4 16. Ba6 ({White should try} 16. Rad1 $16) 16... Rhg8 $14 17. Bxb7+ Kxb7 18. Nd4 a6 19. Qf3 {aiming for Rxe4.} e5 20. Rxe4 dxe4 21. Qxe4+ Kb6 22. g3 Bd2 $2 (22... Qb7 $1 $15 {keeps the upper hand.} 23. Qxb7+ Kxb7) 23. a4 $16 {[%cal Ba2a4,Ba4a5][%mdl 1056] White has strong compensation.} Qc5 {[#]} ({Not} 23... exd4 $2 24. Bxd4+ Rxd4 25. Qxd4+ Kb7 26. Qd5+ Kb8 27. Qxd2 $18) (23... Rc8 $16 {was worth a try.}) 24. a5+ $1 $18 {[%mdl 512]} Kc7 (24... Bxa5 {keeps fighting.} 25. b4 Qxb4 26. Qc6+ Ka7) 25. Nf3 f6 {[#]} 26. Ra4 $1 {[%cal Ra4c4]} Qd5 {Hoping for ...Qxe4.} 27. Rc4+ ({Resist} 27. Nxd2 Qxe4 28. Nxe4 Kc6 $18) 27... Kd6 $2 (27... Kb8) 28. Qxd5+ $2 (28. Ba3+ Ke6 29. Rc6+ Qxc6 30. Qxc6+ Kf5 31. Nh4+ Kg5 32. Be7) 28... Kxd5 29. Nxd2 Ke6 30. Ne4 Kf5 31. Nc5 Rd6 32. Kg2 Re8 33. Ne4 Rd5 34. Ba3 Red8 35. Nc5 R8d6 36. Nd3 {White is clearly winning.} Re6 37. Bc5 g5 38. Nb4 Rd1 39. Bb6 Red6 40. Rc6 R6d2 {[#]} 41. g4+ $1 hxg4 42. hxg4+ Kxg4 43. Rxf6 Re2 44. Nd3 e4 45. Ne5+ Kh5 46. Rf7 {[%cal Rf7h7]} g4 47. Be3 {Precision: White = 70%, Black = 24%.} 1-0

[Event "Varennes Open-ch 2017"]
[Site "Varennes"]
[Date "2017.10.08"]
[Round "4"]
[White "Duong, Thanh Nha"]
[Black "Bruzon Batista, Lazaro"]
[Result "0-1"]
[WhiteElo "2132"]
[BlackElo "2660"]
[Annotator "TA"]
[PlyCount "46"]
[EventDate "2017.10.06"]
[EventCountry "CAN"]
[SourceTitle "playchess.com"]
[Source "ChessBase"]
[SourceQuality "1"]

{[%evp 12,46,13,-7,37,0,11,0,25,-25,4,8,17,14,22,0,12,-18,14,0,22,0,19,19,19,19,19,12,38,39,42,35,38,-12,-12,-32,45]} 1. c4 e5 2. Nc3 d6 3. g3 g6 4. Bg2 Bg7 5. d3 Ne7 6. Nf3 O-O 7. O-O h6 {A21: English Opening: 1...e5 2 Nc3} 8. Rb1 f5 9. Nd2 (9. Bd2 Nd7 10. b4 Nf6 11. Qb3 Be6 12. Rfc1 Qd7 13. Ne1 c6 14. b5 c5 15. b6 a6 16. Qa4 Qc8 17. f4 exf4 18. gxf4 Kh8 {0-1 (35) Maletin,P (2575)-Kurnosov,I (2633) Khanty-Mansiysk 2011}) 9... Nd7 {The position is equal.} 10. Nd5 $146 ({Predecessor:} 10. b4 Nf6 11. b5 g5 12. e3 Ng6 13. Nd5 Nxd5 14. cxd5 g4 15. f4 exf4 16. exf4 h5 17. Bb2 Bxb2 18. Rxb2 h4 19. Re1 Qf6 {1-0 (46) Erdogdu,M (2441)-Yilmazyerli,M (2443) Gebze 2016}) 10... c6 (10... a5 {keeps more tension.} 11. b3 c6 12. Nc3 Nc5 13. Bb2 Rb8) 11. Nxe7+ Qxe7 12. b4 {[%cal Bb2b4,Bb4b5][%mdl 32]} Nf6 13. a4 {[%cal Ba2a4,Ba4a5,Ba5a6][%mdl 32]} Be6 14. Ba3 Rac8 15. a5 Rfd8 16. Qa4 Qd7 17. b5 c5 18. a6 b6 19. Bb2 Qe7 20. Rbe1 Bf7 21. Bb7 Rc7 22. e4 f4 $1 23. Nf3 h5 {[%mdl 32768] Precision: White = 24%, Black = 39%. . Loss on Time!?} (23... Be6 $15) 0-1

[Event "Varennes Open-ch 2017"]
[Site "Varennes"]
[Date "2017.10.08"]
[Round "5"]
[White "Bruzon Batista, Lazaro"]
[Black "Hambleton, Aman"]
[Result "1-0"]
[WhiteElo "2660"]
[BlackElo "2479"]
[Annotator "TA"]
[PlyCount "101"]
[EventDate "2017.10.06"]
[EventCountry "CAN"]
[SourceTitle "playchess.com"]
[Source "ChessBase"]
[SourceQuality "1"]

{[%evp 21,101,13,18,0,17,18,23,13,19,22,24,12,43,21,12,8,40,25,66,8,31,14,58,28,85,82,90,79,154,160,145,53,94,56,64,63,79,64,64,64,63,59,54,41,49,58,52,52,52,22,27,44,27,26,228,212,210,216,593,589,591,566,586,541,537,529,514,518,503,493,468,441,419,255,446,399,675,716,29991,29992,29992,29993]} 1. d4 Nf6 2. c4 e6 3. Nf3 b6 4. g3 Ba6 5. b3 Bb7 6. Bg2 Bb4+ 7. Bd2 c5 8. O-O O-O 9. Bxb4 cxb4 10. Qd3 a5 {E15: Queen's Indian: 4 g3 sidelines, 4 g3 Ba6 and 4 g3 Bb7 early deviations} 11. Nbd2 d6 {LiveBook: 16 Games} 12. Nh4 (12. e4 e5 13. Ne1 Nc6 14. Nc2 {1-0 (46) Jakovenko,D (2724)-Bologan,V (2712) Poikovsky 2012}) 12... Bxg2 {The position is equal.} 13. Nxg2 Re8 14. Rfd1 Nbd7 $146 ({Predecessor:} 14... Nc6 15. Ne3 Qd7 {½-½ (15) Schmidt,T (2572)-Hiltunen,R (2469) ICCF email 2008}) 15. e4 e5 16. Ne3 Nf8 17. f3 Ne6 18. Nc2 h5 19. Nf1 h4 20. Qe3 (20. dxe5 $14 dxe5 21. Qxd8 Rexd8 22. Nfe3) 20... Qc7 21. Rd2 Rad8 22. Rad1 Qb8 (22... Qe7 $11 {remains equal.}) 23. d5 $16 Nf8 {[%cal Be6f8,Bf8d7,Bd7c5][%mdl 32]} 24. Qg5 hxg3 ({Black should play} 24... Ng6) 25. hxg3 (25. Nxg3 $6 N6h7 $11) 25... N6h7 26. Qe3 (26. Qh5 $16) 26... Qc7 27. a3 bxa3 28. Nxa3 Nd7 29. Nb5 Qc5 30. Kg2 Qxe3 31. Nxe3 Nc5 32. Nf5 Nb7 33. Nc7 {aiming for Rh1.} Rf8 34. Ne7+ Kh8 35. Rh1 g6 $1 (35... Rd7 $6 36. Kf1 $16 (36. Ne6 Re8 $11)) 36. Nc6 Rd7 37. Nb5 $36 {[%mdl 2048] Black is under pressure.} f5 $2 {[#]} (37... Nc5 $11 {and Black is okay.}) 38. f4 $1 $18 exf4 39. e5 {[%cal Be4e5,Be5e6,Be6e7][%mdl 32]} ({Worse is} 39. gxf4 fxe4 40. Rh4 Nc5 $11) 39... fxg3 $2 (39... dxe5 {is more resistant.} 40. Nxe5 f3+ 41. Kxf3 Rg7) 40. e6 Rg7 41. e7 Re8 {[#]} 42. Re2 $1 Rgg8 {If only Black now had time for ...Kg7....} 43. c5 Nxc5 44. Nxd6 Kg7 45. Nxe8+ Rxe8 46. d6 {[%cal Bd5d6,Bd6d7,Bd7e8][%mdl 32]} Nf6 47. Ne5 Nd5 $2 (47... Nfe4) 48. Nd3 {Threatens to win with Nxc5.} Nxd3 $2 (48... Nb7 49. d7 (49. Re5 Nf6 $16) 49... Rxe7 50. Rxe7+ Nxe7) 49. d7 N5f4+ 50. Kf3 g2 51. dxe8=N+ {Precision: White = 52%, Black = 39%.} 1-0

[Event "Varennes Open-ch 2017"]
[Site "Varennes"]
[Date "2017.10.08"]
[Round "5"]
[White "Sambuev, Bator"]
[Black "Ruiz Sanchez, Orlen"]
[Result "1-0"]
[WhiteElo "2535"]
[BlackElo "2409"]
[Annotator "TA"]
[PlyCount "61"]
[EventDate "2017.10.06"]
[EventCountry "CAN"]
[SourceTitle "playchess.com"]
[Source "ChessBase"]
[SourceQuality "1"]

{[%evp 10,61,60,11,15,13,37,12,33,15,34,29,79,83,79,85,82,62,83,76,133,131,114,125,218,225,189,185,202,189,377,379,343,332,316,326,338,320,359,362,518,502,497,422,489,483,474,468,448,442,548,543,537,537]} 1. Nf3 c5 2. c4 Nc6 3. Nc3 Nd4 4. e3 Nxf3+ 5. Qxf3 g6 6. g4 {LiveBook: 4 Games. A35: Symmetrical English: 2 Nc3 Nc6 3 Nf3} (6. b3 Bg7 7. Bb2 d6 8. g3 e6 9. Bg2 Ne7 10. O-O O-O 11. Rad1 Nc6 12. Qe2 e5 13. a3 Re8 14. Nd5 a5 15. Rb1 Be6 16. Bc3 {0-1 (79) Rodshtein,M (2652)-Caruana,F (2767) Plovdiv 2012}) 6... h5 $146 ({Predecessor:} 6... d6 7. Bg2 Bg7 8. Qe2 Nh6 9. h3 Rb8 10. O-O f5 11. g5 Nf7 12. f4 O-O 13. d3 Bd7 {½-½ (21) Medvegy,Z (2531)-Galyas,M (2484) Germany 2011}) 7. g5 Bg7 8. b3 {White is slightly better.} Rb8 9. Bb2 d6 10. Qe2 Bd7 11. Bg2 $36 {[%mdl 2048] White is really pushing.} h4 12. f4 a6 13. O-O Qc8 14. d3 Bg4 ({Black should play} 14... Rh7) 15. Bf3 $16 Bxf3 16. Rxf3 f5 (16... Rh5 $16 17. Ne4 Bxb2 18. Qxb2 Kf8) 17. Nd5 $18 Bxb2 18. Qxb2 Rh7 19. e4 fxe4 $2 {[#]} (19... e6 {might work better.}) 20. dxe4 Rf7 21. Qh8 Qg4+ 22. Kf2 Kd7 23. h3 Qe6 24. Re1 Rbf8 (24... Kc6 $142 25. b4 (25. Qxh4 b5 $18) 25... b6) 25. Qc3 {White is clearly winning.} Kc8 26. e5 Kb8 27. exd6 Qxd6 {With the idea ...e6.} 28. Qe5 Rd8 29. Rfe3 Rd7 30. Qxd6+ Rxd6 31. Re6 {Precision: White = 90%, Black = 26%.} 1-0

[Event "Varennes Open-ch 2017"]
[Site "Varennes"]
[Date "2017.10.08"]
[Round "5"]
[White "Alvarez Pedraza, Aramis"]
[Black "Ortiz Suarez, Isan Reynaldo"]
[Result "1/2-1/2"]
[WhiteElo "2489"]
[BlackElo "2528"]
[Annotator "TA"]
[PlyCount "101"]
[EventDate "2017.10.06"]
[EventCountry "CAN"]
[SourceTitle "playchess.com"]
[Source "ChessBase"]
[SourceQuality "1"]

{[%evp 18,101,38,12,27,39,38,27,36,27,37,40,50,37,45,33,53,50,69,63,67,66,81,75,120,121,118,120,130,115,115,131,232,238,235,241,235,233,234,235,245,245,261,279,286,273,279,264,283,279,279,261,298,230,230,230,265,230,214,0,276,262,325,257,237,191,193,185,299,290,291,291,298,0,0,0,0,0,0,0,0,0,480,2,6161,-29977]} 1. d4 f5 2. Nf3 Nf6 3. g3 g6 4. Bg2 Bg7 5. O-O O-O 6. b3 d6 7. Bb2 c6 8. Nbd2 a5 9. a4 Na6 10. Re1 {LiveBook: 6 Partien. A81: Holländische Verteidigung (Leningrader Variante)} (10. Nc4 Nb4 11. Ne1 Be6 12. Nd3 Bd5 13. f3 Qc7 14. Qd2 Nxd3 15. Qxd3 Bf7 16. e3 b5 17. Nd2 Nd5 {1-0 (35) Rakhmanov,A (2663)-Laznicka,V (2664) Linares 2017}) 10... Nb4 11. c3 Nbd5 12. e3 {Weiß steht etwas besser.} Qc7 13. Qc2 Bd7 14. Ba3 $146 ({Vorgänger:} 14. e4 fxe4 15. Nxe4 Nxe4 16. Qxe4 Bf5 17. Qe2 Rae8 {1-0 (53) Cuellar Gacharna,M (2345)-Gutierrez Castillo,J (2320) Bogota 1976}) 14... Kh8 15. Rac1 Rae8 16. Qb1 Qb8 17. Ng5 {[%cal Bf3g5,Bg5h3,Bh3f2,Bf2d3,Bd3e5][%mdl 32]} h6 18. Nh3 g5 19. f4 g4 20. Nf2 b5 {[#]} 21. axb5 $1 cxb5 22. c4 Nb4 23. Bxb4 axb4 24. Nd3 e5 (24... e6 $16 25. c5 (25. Nxb4 Qb6 $16) 25... dxc5) 25. fxe5 $18 ({Nicht} 25. Nxb4 exd4 26. exd4 bxc4 $14) 25... dxe5 26. Nxe5 Rxe5 27. dxe5 Qxe5 28. Qd3 bxc4 29. Nxc4 Qe7 30. Nd6 Ne8 31. Nxe8 Bxe8 32. Rc8 Bg6 33. Rxf8+ Qxf8 34. Rc1 Qe7 35. Rc8+ Kh7 36. Rc6 h5 37. Rb6 Qc5 38. Rc6 Qe7 $1 39. Kf2 Qa7 40. Bd5 Qa1 41. Qc2 Bc3 {[#]} 42. Kg2 $1 Qe1 (42... Kg7 {war nötig.} 43. Rc7+ Kf6) 43. Qf2 Qd1 44. Rd6 {Droht stark Lg8+.} Kg7 {Jetzt ...Le5 und Schwarz darf weiter klammern.} 45. Qf4 $2 ({Besser ist} 45. e4 $18 f4 46. Qxf4 Qe2+ 47. Qf2 Bxe4+ 48. Bxe4 Qxe4+ 49. Kg1) 45... Qe2+ 46. Kg1 Qe1+ 47. Kg2 Qd2+ 48. Kg1 {Weiss droht Td7+ und Matt.} Qe1+ 49. Kg2 Qd1 $2 {[%mdl 8192]} (49... Qe2+ $11 {und Schwarz steht sicher.} 50. Qf2 Qd3 51. Rd7+ Kf6) 50. Qf2 $2 ({Günstiger ist} 50. Bc4 $18 Qf3+ 51. Qxf3 gxf3+ 52. Kxf3) 50... Bd4 $2 {[%mdl 8192]} (50... Be5 $11 51. Rd7+ Kh6) 51. e4 $4 {[%mdl 40960] Precision: Weiß = 56%, Schwarz = 35%. . An unexpected result.} (51. Rd7+ $18 Kh8 52. exd4) 1/2-1/2